| 000 | 00707cam a2200229 a 4500 | ||
|---|---|---|---|
| 001 | 3342894 | ||
| 005 | 20180125082047.0 | ||
| 008 | 851002m19009999gw a b 001 0 eng | ||
| 010 | _a 85211846 | ||
| 020 | _a0387912592 (v. l : U.S.) | ||
| 040 |
_aDLC _cDLC _dDLC _dOCoLC _dDLC |
||
| 041 | 1 | _aengger | |
| 080 | _a636.0891 jam | ||
| 082 | 0 | 0 |
_a636.0891 jam _219 |
| 100 | 1 | _a6 | |
| 101 | _aana | ||
| 240 | 1 | 0 |
_aLehrbuch der Anatomie der Haustiere. _lEnglish |
| 245 | 1 | 4 |
_aThe anatomy of the domestic animals / _cfounded by Richard Nickel, August Schummer, and Eugen Seiferle. |
| 504 | _aIncludes bibliographies and indexes. | ||
| 906 |
_a7 _bcbc _corignew _d2 _encip _f19 _gy-gencatlg |
||
| 942 |
_2ddc _cBK |
||
| 999 |
_c40955 _d40955 |
||